Team which participated to at least 1 LoL Worlds - EN - Statistics

General Stats
  • This quiz has been taken 50 times
  • The average score is 48 of 117
Answer Stats
Total participations / Total editions in which they could have qualified Team % Correct
12 / 14 FNC - Fnatic
100%
8 / 10 T1
100%
8 / 9 G2
98%
6 / 7 GenG
95%
10 / 12 C9 - Cloud9
88%
6 / 6 DK - Dplus Kia
88%
7 / 11 EDG - EDward Gaming
86%
6 / 10 TL - Team Liquid
86%
5 / 6 GAM
83%
3 / 10 KTR - KT Rolster
83%
2 / 7 BLG - Bilibili Gaming
81%
6 / 10 RNG - Royal Never Give Up
81%
2 / 2 Samsung White
81%
2 / 7 FPX - FunPlus Phoenix
79%
2 / 7 HLE - Hanwha Life Esports
79%
2 / 11 SK
79%
2 / 7 DRX
76%
3 / 8 JDG - JD Gaming
76%
2 / 3 WBG - Weibo
76%
3 / 5 Rogue
74%
3 / 7 TES - Top Esports
74%
2 / 8 FlyQuest
71%
4 / 5 PSG Talon
71%
3 / 13 Team WE
71%
4 / 7 100 Thieves
69%
4 / 13 Invictus Gaming
69%
1 / 1 Samsung Blue
67%
9 / 14 TSM
67%
1 / 3 Team BDS
64%
1 / 9 Vitality
64%
2 / 6 LNG
62%
2 / 4 Loud
60%
2 / 3 Samsung Galaxy
60%
2 / 12 OMG - Oh My God
55%
2 / 12 paiN
55%
4 / 12 R7 - Rainbow7
55%
1 / 2 aAa - against All authority
52%
5 / 10 DFM - DetonatioN FocusMe
52%
2 / 4 H2K - Hard 2 Kill
52%
1 / 5 Origen
52%
2 / 3 ROX Tigers
52%
2 / 3 CFO - CTBC Flying Oyster
50%
1 / 1 | 4 / 12 CLG - Counter Logic Gaming
50%
2 / 4 Splyce
50%
1 / 7 Misfits
48%
1 / 6 Suning
48%
1 / 3 Team oNe
48%
1 / 1 Alliance
45%
3 / 7 Unicorns Of Love
45%
2 / 12 LGD
43%
5 / 5 MAD Lions KOI
43%
4 / 6 Flash Wolves
40%
1 / 2 Griffin
40%
1 / 1 Azubu Frost
38%
3 / 8 Gambit
38%
1 / 3 NRG
38%
1 / 2 VKE - Vikings Esports
38%
1 / 6 Evil Geniuses
36%
5 / 8 Ahq e-Sports Club
33%
1 / 7 RED Canids
33%
1 / 3 Team Whales
33%
1 / 7 Immortals
31%
1 / 5 SHG - Fukuoka HAWKS gaming
31%
1 / 2 Clutch Gaming
29%
1 / 11 Dignitas
29%
2 / 11 Isurus
29%
1 / 1 M5 - Moscow Five
29%
2 / 3 Taipei Assasins
29%
2 / 3 Najin Black Sword
26%
1 / 6 Fenerbahçe
26%
1 / 1 Lemondogs
26%
2 / 3 Royal Club
26%
3 / 6 Saigon Buffalo
26%
1 / 8 CEC - Chiefs Esports Club
24%
2 / 11 KaBuM!
24%
1 / 2 Longzhu Gaming
24%
1 / 1 Albus NoX Luna
21%
2 / 10 Dire Wolves
21%
2 / 12 INTZ
21%
1 / 9 J Team
21%
2 / 7 Papara SuperMassive
21%
1 / 10 Dark Passage
19%
1 / 2 I May
19%
1 / 5 Istanbul Wildcats
19%
1 / 1 LMQ
19%
1 / 5 Machi
19%
2 / 3 Beyond Gaming
17%
1 / 4 Galatasaray
17%
1 / 2 G-Rex
17%
2 / 7 Hong Kong Attitude
17%
1 / 2 MEGA
17%
1 / 3 NaJin White Shield
17%
1 / 6 Flamengo
14%
1 / 9 Freecs
14%
2 / 7 Infinity
14%
1 / 8 Legacy
14%
1 / 2 MAD Team
14%
1 / 2 PEACE
14%
1 / 7 V3
14%
1 / 1 Lowkey
12%
1 / 2 Royal Youth
12%
1 / 1 Team Pacific
12%
1 / 1 Xan
12%
1 / 6 Bangkok Titans
10%
1 / 2 Epik Gamer
10%
1 / 1 Gamania Bears
10%
2 / 6 KLG - Kaos Latin Gamers
10%
1 / 2 Ascension Gaming
7%
1 / 2 SK Telecom T1 K
7%
1 / 1 GamingGear.eu
5%
1 / 6 Mineski
5%
1 / 4 PENTAGRAM
5%
1 / 5 Saigon Jokers
5%
1 / 1 Team gamed!de
5%
1 / 7 MAMMOTH EC
2%
1 / 1 XDG Gaming
0%
No matching quizzes found
Score Distribution
Percent of People with Each Score
Percentile by Number Answered
Your Score History
You have not taken this quiz